[Event "Challenge"]
[Site "http://www.queenalice.com/game.php?id=225398"]
[Date "2007.6.15"]
[Round "-"]
[White "totomike"]
[Black "fominha"]
[Result "1-0"]
[WhiteElo "1508"]
[BlackElo "1535"]

1. e4 e5 2. Bc4 Nf6 3. d3 c6 4. Bg5 d5 5. Bxf6 Qxf6 6. exd5 Bc5 7. Qf3 Nd7 8.
Nd2 O-O 9. dxc6 bxc6 10. Ne4 Qxf3 11. Nxf3 Bb4+ 12. c3 Ba5 13. Nd6 Bc7 14. Nf5
Re8 15. Ng5 Rf8 16. Ne7+ Kh8 17. Nxf7+ Rxf7 18. Bxf7 Ba6 19. Nxc6 Bxd3 20. Rd1
Nc5 21. Nb4 Be4 22. O-O Rf8 23. Bc4 Rf4 24. Nd5 Rg4 25. f3 Bxf3 26. Rxf3 Bd6 27.
Ne3 Be7 28. Nxg4 e4 29. Rf7 h5 30. Rxe7 hxg4 31. Rd8+ Kh7 32. Bf7 a5 33. Ree8 g6
34. Re7 g3 35. Rg8 gxh2+ 36. Kxh2 a4 37. Be8+ Kh6 38. Rxg6+ Kh5 39. Rh7# 1-0

[Event "Challenge"]
[Site "http://www.queenalice.com/game.php?id=225412"]
[Date "2007.6.15"]
[Round "-"]
[White "fominha"]
[Black "silviapim"]
[Result "0-1"]
[WhiteElo "1422"]
[BlackElo "739"]

1. e4 e5 2. Nf3 Nc6 3. c3 f6 4. d4 g6 5. d5 Na5 6. b4 b6 7. bxa5 bxa5 8. Na3 Ne7
9. Nc4 Kf7 10. d6 Ng8 0-1

[Event "QA-ANNIV-03"]
[Site "http://www.queenalice.com/game.php?id=225767"]
[Date "2007.6.15"]
[Round "1"]
[White "fominha"]
[Black "vgovidal"]
[Result "0-1"]
[WhiteElo "1538"]
[BlackElo "1904"]

1. e4 e5 2. c3 Nf6 3. d3 d5 4. Nd2 dxe4 5. dxe4 Bd6 6. Nc4 Nxe4 7. Qd5 Nf6 8.
Qb5+ Nc6 9. Nf3 O-O 10. Be3 a6 11. Qa4 b5 12. Qb3 bxc4 13. Bxc4 Rb8 14. Qa4 Bd7
15. O-O-O e4 16. Ng5 Ne5 17. Qxa6 Ra8 18. Qb7 Nxc4 19. Qb3 Nxe3 0-1

[Event "AUTO-OPEN-700"]
[Site "http://www.queenalice.com/game.php?id=225948"]
[Date "2007.6.16"]
[Round "1"]
[White "evasion"]
[Black "fominha"]
[Result "1-0"]
[WhiteElo "1724"]
[BlackElo "1505"]

1. d4 e6 2. e4 Ne7 3. Nf3 Nbc6 4. Bb5 a6 5. Ba4 b5 6. Bb3 d5 7. Nc3 Ng6 8. exd5
Bb4 9. dxc6 Bxc3+ 10. bxc3 O-O 11. O-O Qd6 12. c4 Qxc6 13. cxb5 Qxb5 14. a4 Qf5
15. Re1 Bb7 16. Re3 Nf4 17. Re5 Qg4 18. Bxf4 Qxf4 19. Qd3 g6 20. Rb1 Rfd8 21.
Rc5 Rac8 22. Bxe6 fxe6 23. g3 Qxf3 24. Rxb7 Qxb7 25. c3 Rd5 26. Rc4 Qb2 27. Rb4
Qa2 28. Qxa6 Rf8 29. Qxe6+ Kg7 30. Qe7+ Rf7 31. Qe3 Rdf5 32. f4 Rh5 33. h4 Qa1+
34. Kg2 c5 35. dxc5 Qa2+ 36. Kf3 Qd5+ 37. Kf2 Re5 38. Qd4 Qxc5 39. Kf3 Qxd4 40.
cxd4 Rd5 41. Ke4 Rdd7 42. d5 1-0

[Event "AUTO-OPEN-700"]
[Site "http://www.queenalice.com/game.php?id=225949"]
[Date "2007.6.16"]
[Round "1"]
[White "fominha"]
[Black "evasion"]
[Result "0-1"]
[WhiteElo "1493"]
[BlackElo "1731"]

1. e4 e5 2. Nf3 Nc6 3. Nc3 Nf6 4. Bc4 Bb4 5. Ng5 O-O 6. Nb5 a6 7. Na3 h6 8.
Bxf7+ Rxf7 9. Nxf7 Kxf7 10. c3 Bxa3 11. bxa3 Nxe4 12. Qh5+ Kg8 13. d3 Nf6 14.
Qg6 Ne7 15. Qg3 g5 16. Qxe5 Nc6 17. Qf5 Kg7 18. Be3 d5 19. Qf3 d4 20. cxd4 Nxd4
21. Bxd4 Qxd4 22. O-O Kg6 23. Rac1 c6 24. h3 Bf5 25. Rc4 Qxd3 26. Rfc1 Nd5 27.
Qxd3 Bxd3 28. Rd4 Bf5 29. g4 Be6 30. Re1 Bf7 31. Rd3 Re8 32. Rxe8 Bxe8 33. a4
Kf6 34. a5 Ke5 35. Rb3 Kd4 36. Rxb7 c5 37. Rb8 Bb5 38. Ra8 Kc4 39. a4 Bxa4 40.
Rxa6 Kb5 41. Ra8 c4 42. Rd8 Nb4 43. Ra8 c3 44. a6 Nxa6 0-1

[Event "AUTO-OPEN-700"]
[Site "http://www.queenalice.com/game.php?id=225970"]
[Date "2007.6.16"]
[Round "1"]
[White "fominha"]
[Black "Bobby_F"]
[Result "0-1"]
[WhiteElo "1504"]
[BlackElo "1759"]

1. e4 c5 2. Nc3 Nc6 3. a3 Nf6 4. Bb5 g6 5. b4 Bg7 6. bxc5 Nxe4 7. Bb2 Nxc5 8.
Nf3 O-O 9. O-O d5 10. d4 Ne6 11. Ne2 a6 12. Bxc6 bxc6 13. Ne5 Qc7 14. f4 Rb8 15.
Rb1 c5 16. Re1 cxd4 17. Nxd4 Nxf4 18. Ndf3 Bf5 19. Nd3 Nxd3 20. Bxg7 Nxe1 21.
Bxf8 Bxc2 22. Rxb8 Bxd1 23. Bh6+ Qxb8 24. Nxe1 Qb6+ 25. Kh1 Qf2 26. Nf3 Bxf3 27.
gxf3 Qf1# 0-1

[Event "AUTO-OPEN-700"]
[Site "http://www.queenalice.com/game.php?id=225971"]
[Date "2007.6.16"]
[Round "1"]
[White "Bobby_F"]
[Black "fominha"]
[Result "1-0"]
[WhiteElo "1737"]
[BlackElo "1450"]

1. d4 e6 2. e4 c5 3. d5 e5 4. Nf3 d6 5. Nc3 f5 6. Ng5 Qf6 7. Bb5+ Bd7 8. Ne6 Na6
9. Bg5 Qf7 10. Bxa6 bxa6 11. Nc7# 1-0

[Event "AUTO-OPEN-700"]
[Site "http://www.queenalice.com/game.php?id=225972"]
[Date "2007.6.16"]
[Round "1"]
[White "fominha"]
[Black "cabbrall"]
[Result "1-0"]
[WhiteElo "1422"]
[BlackElo "1227"]

1. e4 e5 2. Nc3 Nf6 3. d3 d5 4. Be2 d4 5. Nb5 Bd7 6. Na3 c5 7. Nc4 b5 8. Nxe5
Bd6 9. Ng4 g6 10. e5 Nxg4 11. exd6 Nf6 12. Nf3 Bg4 13. O-O Qxd6 14. Nh4 Nc6 15.
Bxg4 1-0

[Event "AUTO-OPEN-700"]
[Site "http://www.queenalice.com/game.php?id=225973"]
[Date "2007.6.16"]
[Round "1"]
[White "cabbrall"]
[Black "fominha"]
[Result "0-1"]
[WhiteElo "1219"]
[BlackElo "1456"]

1. d4 d5 2. e3 Nf6 3. Nc3 Nc6 4. Nf3 e6 5. Bd3 Bd6 6. e4 O-O 7. e5 Bb4 8. exf6
g6 9. Bg5 Re8 10. Bb5 Bd7 11. a3 Bxc3+ 12. bxc3 e5 13. O-O a6 14. Bxc6 Bxc6 15.
dxe5 Bb5 0-1

[Event "AUTO-BEG-110"]
[Site "http://www.queenalice.com/game.php?id=226572"]
[Date "2007.6.17"]
[Round "1"]
[White "fominha"]
[Black "kingtrishul"]
[Result "1-0"]
[WhiteElo "1523"]
[BlackElo "1297"]

1. e4 e5 2. Qh5 Nc6 3. d3 g6 4. Qd1 d5 5. Nd2 d4 6. c3 dxc3 7. bxc3 Bc5 8. Ngf3
Nf6 9. Nc4 Bd6 10. d4 exd4 11. e5 Bxe5 12. Ncxe5 Nxe5 13. Nxe5 Qe7 14. cxd4 O-O
15. Bh6 Qb4+ 16. Qd2 Qxd2+ 17. Kxd2 Ne4+ 18. Ke1 Rd8 19. Bc4 1-0

[Event "AUTO-BEG-110"]
[Site "http://www.queenalice.com/game.php?id=226573"]
[Date "2007.6.17"]
[Round "1"]
[White "kingtrishul"]
[Black "fominha"]
[Result "0-1"]
[WhiteElo "1297"]
[BlackElo "1488"]

1. e4 e5 2. Nf3 Nc6 3. Bb5 Nce7 4. Nxe5 c6 5. Ba4 b5 6. Bb3 d5 7. Nc3 Nf6 8. d3
d4 9. Ne2 Be6 10. Bxe6 fxe6 11. O-O Qd6 12. Bf4 Qb4 13. b3 Nh5 14. h3 Nxf4 15.
Nxf4 Qd6 16. Qh5+ g6 17. Qg5 Bg7 18. Nf3 Rf8 19. Qg3 Rxf4 0-1

[Event "AUTO-BEG-110"]
[Site "http://www.queenalice.com/game.php?id=226576"]
[Date "2007.6.17"]
[Round "1"]
[White "fominha"]
[Black "Roheryn"]
[Result "1-0"]
[WhiteElo "1479"]
[BlackElo "1273"]

1. e4 e6 2. d4 d5 3. e5 c5 4. c4 Nc6 5. Be3 cxd4 6. Bxd4 f6 7. cxd5 Qxd5 8. Qh5+
Kd8 9. Nf3 Nxd4 10. Bd3 Bb4+ 11. Nc3 fxe5 12. Nxe5 Qxg2 13. Nf7+ Ke7 14. Rf1 Nf6
15. Qe5 Nf3+ 16. Ke2 Nxe5 17. Nxe5 Nd5 18. Nxd5+ Qxd5 19. Nc4 e5 20. Ne3 Qd7 21.
Rad1 Qh3 22. Nd5+ 1-0

[Event "AUTO-BEG-110"]
[Site "http://www.queenalice.com/game.php?id=226577"]
[Date "2007.6.17"]
[Round "1"]
[White "Roheryn"]
[Black "fominha"]
[Result "0-1"]
[WhiteElo "1273"]
[BlackElo "1509"]

1. e4 e5 2. Nf3 Nc6 3. d4 Bd6 4. dxe5 Bxe5 5. Bc4 h6 6. Nc3 Nf6 7. Be3 Bxc3+ 8.
bxc3 Na5 9. Qd4 Qe7 10. Bd3 O-O 11. e5 Nh5 12. Qe4 g6 13. Bxh6 Re8 14. g4 Nf6
15. Qd4 Nc6 16. Qf4 Nd5 17. Qe4 Nxc3 18. Qf4 Nxe5 0-1